| 000 | 00418nam a2200133Ia 4500 | ||
|---|---|---|---|
| 005 | 20260328104326.0 | ||
| 008 | 260328s9999||||xx |||||||||||||| ||und|| | ||
| 100 | _aFuentes Freixanet, Víctor Armando | ||
| 245 | 0 |
_aEstudios de Arquitectura Bioclimática Volúmen XII / _cVíctor Armando Fuentes Freixanet |
|
| 260 | _bUniversidad Autónoma Metropolitana | ||
| 300 | _a184 p. | ||
| 650 | _aBIOCLIMATISMO | ||
| 942 | _cBK | ||
| 999 |
_c11520 _d11520 |
||